|
|
|
|
| LEADER |
01385nam a22002897a 4500 |
| 001 |
9603 |
| 003 |
BD-DhAAL |
| 005 |
20240905114123.0 |
| 008 |
20180703s 2011bg ||||| |||| 00| 0 ben d |
| 020 |
|
|
|a 9789845041430
|
| 040 |
|
|
|a BD-DhAAL
|c BD-DhAAL
|
| 082 |
|
|
|a 891.4437
|2 23
|
| 100 |
|
|
|a হায়দার, মুহম্মদ.
|9 26434
|
| 245 |
|
|
|a রবীন্দ্রনাথ :
|b তিনটি ছোটগল্প /
|c মুহম্মদ হায়দার.
|
| 246 |
|
|
|a Rabindranath :
|b tinti chhotogalpa
|
| 246 |
|
|
|a Tagore :
|b three short stories
|
| 264 |
|
|
|a ঢাকা :
|b মূর্ধণ্য,
|c ২০১১.
|
| 300 |
|
|
|a ৮০ পৃষ্ঠা :
|b চিত্র ;
|c ২১ সে.মি.
|
| 541 |
|
|
|e 9603, 43030
|a Savar Campus Library
|
| 600 |
|
|
|a Tagore, Rabindranath,
|d 1861-1941.
|9 18830
|
| 650 |
|
|
|a Short stories, Bengali.
|
| 650 |
|
|
|a Bengali literature.,
|
| 852 |
|
|
|a Ayesha Abed Library
|
| 942 |
|
|
|2 ddc
|c BK
|
| 999 |
|
|
|c 39522
|d 39522
|
| 952 |
|
|
|0 0
|1 0
|2 ddc
|4 0
|6 891_443700000000000_HAI
|7 0
|9 63554
|a SCL
|b SCL
|c GEN
|d 2018-07-03
|e Gift: BLC, Savar
|g 120.00
|l 2
|m 3
|o 891.4437 HAI
|p 3020009603
|r 2024-01-28
|s 2024-01-21
|t 1
|w 2018-07-03
|y BK
|
| 952 |
|
|
|0 0
|1 0
|2 ddc
|4 0
|6 891_443700000000000_HAI
|7 0
|9 76139
|a SCL
|b SCL
|c GEN
|d 2024-09-05
|e Savar Campus Library
|g 120.00
|l 1
|o 891.4437 HAI
|p 3020043030
|r 2025-08-13
|s 2025-08-12
|t 2
|w 2024-09-05
|y BK
|x Savar Campus Library
|